Mathématiciens français - Statistiques

Statistiques générales
  • Ce quiz a été pris 35 fois
  • Le résultat moyen est 10 sur 20
Statistiques - réponses
Hint Réponse % Correct
Dernier théorème Pierre de Fermat
85%
Transformée Pierre-Simon de Laplace
85%
Série Joseph Fourier
77%
Coordonnées René Descartes
77%
Suite Augustin Louis Cauchy
69%
Conjecture (démontrée) Henri Poincaré
69%
Multiplicateur Joseph-Louis Lagrange
65%
Triangle Blaise Pascal
62%
Mesure Henri-Léon Lebesgue
62%
Loi Siméon Denis Poisson
62%
Identité (PGCD) Etienne Bézout
58%
Théorie (extension de corps) Evariste Galois
54%
Réduction Camille Jordan
42%
Espace (fonctions) Laurent Schwartz
38%
Théorème fondamental Jean le Rond d'Alembert
27%
Produit scalaire Charles Hermite
15%
Tribu Emile Borel
12%
Lemme (topologie) René Baire
12%
Problème bien posé Jacques Hadamard
8%
Différentielle René Maurice Fréchet
4%
Aucun quiz correspondant
Distribution des résultats
% des personnes avec chaque résultat
Percentile par nombre de réponses
Votre historique - résultats
Vous n’avez pas pris ce quiz